A Pénzvilág. - 26.évf. (1936) 18. sz.
Elmentve itt :
| Dokumentumtípus: | Folyóirat |
|---|---|
| Megjelent: |
1936
|
| Sorozat: | A Pénzvilág
26 No. 18 |
| Online Access: | http://misc.bibl.u-szeged.hu/69425 |
| LEADER | 00446nas a2200133 i 4500 | ||
|---|---|---|---|
| 001 | misc69425 | ||
| 005 | 20211013131903.0 | ||
| 008 | 211013s1936 hu o 0|| zxx d | ||
| 040 | |a SZTE Miscellanea Repozitórium |b hun | ||
| 041 | |a zxx | ||
| 245 | 0 | 2 | |a A Pénzvilág. - 26.évf. (1936) 18. sz. |h [elektronikus dokumentum] |
| 260 | |c 1936 | ||
| 490 | 0 | |a A Pénzvilág |v 26 No. 18 | |
| 856 | 4 | 0 | |u http://misc.bibl.u-szeged.hu/69425/1/penzvilag_1936_018.pdf |z Dokumentum-elérés |